00520nam a22001457a 4500020001800000082001600018100001400034245010700048260004200155300001100197563000800208942001200216999001900228952012700247 a9789698486228 a305.42bAMA aAmatullah aWomen full Human Beings or Less than Men:ba critical exploration of Islam and secularism /cAmatullah aLahore :bAllied Book Company,c2019. a245 p. aPB. 2ddccBK c613705d613705 00102ddc406305_420000000000000_AMA709639650aNLSbNLSd2025-05-12l0o305.42 AMApNLSD-41r2025-05-12w2025-05-12yBK